Battlefront 2 Lightsabers - Statistics

General Stats
  • This quiz has been taken 169 times
  • The average score is 9 of 10
Answer Stats
Picture Answer % Correct
Darth Vader
100%
Obi-Wan Kenobi
100%
Rey
100%
Luke Skywalker
99%
Yoda
99%
Count Dooku/Darth Tyrannus
98%
Kylo Ren
98%
Darth Maul
90%
Anakin Skywalker
85%
General Grievous
77%
No matching quizzes found
Score Distribution
Percent of People with Each Score
Percentile by Number Answered
Your Score History
You have not taken this quiz